Intermediate Microeconomics with Calculus
Uložené v:
| Hlavný autor: | |
|---|---|
| Médium: | Kniha |
| Jazyk: | English |
| Vydavateľské údaje: |
New York
W. W. Norton & Company
2014
|
| Vydanie: | 1st Edition |
| Predmet: | |
| Tagy: |
Žiadne tagy, Buďte prvý, kto otaguje tento záznam!
|
MARC
| LEADER | 00000nam a2200000 4500 | ||
|---|---|---|---|
| 001 | 0236228 | ||
| 005 | 20230109114550.5 | ||
| 020 | |a 978-0-393-12398-2 | ||
| 020 | |a 978-0-393-92394-0 | ||
| 041 | 0 | |a eng | |
| 044 | |a US | ||
| 245 | 1 | 0 | |a Intermediate Microeconomics |b with Calculus |c Hal R. Varian |
| 250 | |a 1st Edition | ||
| 264 | 1 | |a New York |b W. W. Norton & Company |c 2014 | |
| 300 | |a 761 s. | ||
| 610 | 2 | 0 | |a mikroekonomika |
| 610 | 2 | 0 | |a trh |
| 610 | 2 | 0 | |a nákup |
| 610 | 2 | 0 | |a predaj |
| 610 | 2 | 0 | |a dopyt |
| 610 | 2 | 0 | |a náklady |
| 610 | 2 | 0 | |a ponuka |
| 610 | 2 | 0 | |a monopoly |
| 610 | 2 | 0 | |a teória hier |
| 610 | 2 | 0 | |a výroba |
| 610 | 2 | 0 | |a technológie informačné |
| 610 | 2 | 0 | |a matematika |
| 100 | 1 | |a Varian, Hal R. | |